000 01056nam a2200265 a 4500
999 _c120083
_d120083
003 BLK
005 20250313161841.0
008 180409b bul|||||r ||||||| ||bul||
040 _aBLK
041 _aBUL
_cBUL
080 _aАнглийска литература
_b821.111
_x-32
_z821.111-32
080 _aАмериканска литература (на САЩ)
_b821.111(73)
_x-32
_z821.111(73)-32
139 _aАнглийски и американски разказвачи
245 1 0 _aАнглийски и американски разказвачи
_bСб. разкази
_cсъстав. Стефан Николов Дичев.
257 _aSB
260 _aСофия
_bНар. култура
_c1976
300 _a640 с.
_c21 см
380 _aX
700 _aДичев, Стефан Николов
_d1920-1996
_gПисател
_9376841
852 _aЦб 80905
_bЦб
856 4 _qpdf
_i0.00
_ldisable
942 _cKNG
_n0
_02
_s1
944 _aCR
_c15.09.2011
_lГеновева Генчева
_k30560
944 _aED
_c2022-10-14
_kСТ